|
|
|
|
| LEADER |
00824nam a22002292a 4500 |
| 001 |
000586955 |
| 003 |
CZ BrMZK |
| 005 |
20040415134853.0 |
| 007 |
ta |
| 008 |
020212s1955 xr f cze d |
| 040 |
|
|
|a BOA001
|b cze
|c BOA001
|
| 100 |
1 |
|
|a Kostka, Vladimír,
|d 1922-2009
|7 jk01062003
|4 aut
|
| 245 |
1 |
0 |
|a Lední hokej /
|c Vladimír Kostka
|
| 260 |
|
|
|a Praha :
|b Státní tělovýchovné nakladatelství,
|c 1955
|
| 300 |
|
|
|a 151 s.
|
| 490 |
1 |
|
|a Skripta Institutu tělesné výchovy a sportu
|
| 504 |
|
|
|a Bibliografie na s. 150
|
| 710 |
2 |
|
|a Univerzita Karlova.
|b Institut tělesné výchovy a sportu
|7 ko20010092635
|
| 830 |
|
0 |
|a Skripta Institutu tělesné výchovy a sportu
|
| 910 |
|
|
|a BOA001
|b 4-0339.221
|
| 990 |
|
|
|a BK
|
| 996 |
7 |
|
|b 2619709845
|c 4-0339.221
|l MZK
|r Sklad / do 24 hodin
|n 3
|w 000586955
|u 000010
|a 1
|e BOA001
|j MZK50
|s A
|